Разработка удалённой базы данных тестового контроля для лабораторного практикума по курсу "Теория автоматического управления"; Современные техника и технологии; Т. 2

מידע ביבליוגרפי
Parent link:Современные техника и технологии: X Юбилейная международная научно-практическая конференция студентов, аспирантов и молодых ученых, посвященная 400-летию г. Томска, Томск, 29 марта - 2 апреля 2004 г./ Томский политехнический университет.— , 2004
Т. 2.— 2004.— С. 207-208
מחבר ראשי: Топеха В. Б.
שפה:רוסית
יצא לאור: 2004
נושאים:
פורמט: Book Chapter
KOHA link:https://koha.lib.tpu.ru/cgi-bin/koha/opac-detail.pl?biblionumber=183367

MARC

LEADER 00000naa2a2200000 4500
001 183367
005 20251205154217.0
035 |a (RuTPU)RU\TPU\book\198778 
090 |a 183367 
100 |a 20100716d2004 k y0rusy50 ca 
101 0 |a rus 
102 |a RU 
200 1 |a Разработка удалённой базы данных тестового контроля для лабораторного практикума по курсу "Теория автоматического управления"  |f В. Б. Топеха 
320 |a Библиогр.: 4 назв. 
461 1 |0 (RuTPU)RU\TPU\book\66154  |t Современные техника и технологии  |o X Юбилейная международная научно-практическая конференция студентов, аспирантов и молодых ученых, посвященная 400-летию г. Томска, Томск, 29 марта - 2 апреля 2004 г.  |o труды  |f Томский политехнический университет  |d 2004 
463 0 |0 (RuTPU)RU\TPU\book\65883  |t Т. 2  |v С. 207-208  |d 2004 
610 1 |a удаленные базы данных 
610 1 |a тестовый контроль 
610 1 |a лабораторные практикумы 
610 1 |a учебные дисциплины 
610 1 |a автоматическое управление 
610 1 |a обучение 
610 1 |a кафедры 
610 1 |a труды учёных ТПУ 
700 1 |a Топеха  |b В. Б. 
801 1 |a RU  |b 63413507  |c 20100716 
801 2 |a RU  |b 63413507  |c 20140414  |g RCR 
942 |c BK